=LDR 00000nam 2200000 4500 =001 INLIS000000000041184 =005 20130612150730 =008 ***********************************ind** =035 ##$$a0010-061300000041184 =041 ##$$a ind =082 ##$$a 813 =090 ##$$a 813 , Cin ,b =100 ##$$a TJIUNATA, Irena =245 ##$$a The Brides Maid's Story , Irena Tjiunata =260 ##$$a 2010 $b Jakarta =300 ##$$a 296 hlm. , 20 cm =650 ##$$a FIKSI =850 ##$$a NBPNMAT =990 ##$$a 93108/BPAP-NTB/2014